000 00565nam a2200217Ia 4500
005 20240429131312.0
008 131103s9999 xx 000 0 und d
020 _cRs.84.00
040 _aLoreto College
041 _aEnglish
082 _a371.3
_bWAL
100 _aWalia, J.S.
245 _aFoundations of School Administration and Organization
_cJ.S. Walia
260 _aPunjab
_bPaul Publishers
_c1986
300 _a480p.
630 _aSchool administration
650 _aSchool Organization
651 _aEducation
850 _aLCBED
942 _cBK
999 _c36784
_d87263